01115nam a2200265 u 45000010006000000050017000060080041000230350010000640400013000740410008000870820008000951000052001032450077001552600043002323000014002756500072002896500019003616500022003807000043004029420010004459990017004555000115004729520131005879520131007183848620260504071827.0960313s1983 ||||||m| spa  a38486 ccomduadb aspa 4a36410aIsaza Jimenez, Maria Cristina4auteaut925399010aComo incide la farmacodependencia en la reincidencia del menor infractor aMedellín :b[sin publicador],c1983. a126 hojas 7aDelincuencia juvenilzMedellín (Antioquia, Colombia)2lemb942576 aGamines943256 aToxicomanos9244310aOrtega Arango, Aydee4auteaut9253991 cTESIS c28587d28587 aTesis (Especialista en Gerencia del Desarrollo Social). Universidad de Antioquia - Título del grado otorgado 001040708ANTIOQUIAaBCbBCd1998-05-13iC65067l0o364.363 I76cp61000002232516r2023-04-20 00:00:00t1w2023-04-20yTESISI 001040708TESISBCaBCbBCd1998-05-13iC65068l0o364.363 I76c e2p61000002232524r2023-04-20 00:00:00t2w2023-04-20yTESIS